LEADER 01018nam a2200265 u 4500 001 000000028950 003 CaOOAMICUS 005 20070226111847.0 008 961202s1935 it u000 u ita u 035 $a10746917 040 $aBAV$bita$dPUL(R) 100 1 $aCroce, Benedetto,$d1866-1952.$0(OLS)http://pul/name/495 245 10$aUltimi saggi /$cBenedetto Croce. 260 $aBari :$bLaterza,$c1935. 300 $aviii, 399 p. ;$c22 cm 490 1 $aSaggi filosofici ;$v7 500 $aComprende indice. 504 $aBibliografia in nota. 650 4$aEstetica moderna$ySec. XX.$0(OLS)http://pul/subject/8237 830 0$aSaggi filosofici (Laterza) ;$v7.$0(OLS)http://pul/title/608 850 $aPUL 852 $aPUL$W1$xSL Filosofia 2$y80$mPhil D4 24.11$j40156$nBK-PRI$b $qStampati altre collocazioni$B40156$CPULBib$Z2$F40156 $H $81 941 1 $a10 996 $6245$aUltimi saggi$9(OLS)http://pul/title/39559 996 $6260$aBari :$bLaterza$9(OLS)http://pul/publisher/47895 LEADER 01268nam a2200265 u 4500 001 000000107397 003 CaOOAMICUS 005 20071005131123.0 008 071005m19351936gw u000 u ger u 040 $aPUL$bita$dLDB 100 1 $aTillmann, Fritz,$d1874-1953.$0(OLS)http://pul/name/24251 245 14$aDie katholische Sittenlehre /$cvon Tillmann. 260 $aDüsseldorf :$bSchwann,$c1935-1936. 300 $a2 v. ;$c24 cm 490 1 $aHandbuch der katholischen Sittenlehre ;$v04 504 $aBibliografia in nota. 505 0 $av. 1. Die Verwiklichung der Nachfolge Christi ; Die Pfichten gegen Gott. -- v. 2. Die Verwiklichung der Nachfolge Christi ; Die Pfichten gegen sich selbst und gegen den Nächsten. 650 14$aEtica cattolica.$0(OLS)http://pul/subject/1157 830 0$aHandbuch der katholischen Sittenlehre ;$v04.$0(OLS)http://pul/title/135234 850 $aPUL 852 $aPUL$W1$xSL Religione 1$y3$m37 E 8$j122052$av. 1$qStampati$B121040$CPULBib$Z2$F121040 $82 852 $aPUL$W1$xSL Religione 1$y3$m37 E 9$j122053$av. 2$qStampati$B121041$CPULBib$Z2$F121041 $82 941 1 $a8 996 $6245$aDie katholische Sittenlehre$9(OLS)http://pul/title/135240 996 $6260$aDüsseldorf :$bSchwann$9(OLS)http://pul/publisher/50745